000 00483nam a22001337a 4500
003 SGT
082 _a610.7367
_bS18J
100 _aJYOTI
245 _aA STUDY TO EVALUATE THE EFFECTIVENESS OF SIMULATON BASED TRAINING VERSUS TRADITIONAL METHOD OF TEACHING ON THE RETENTION OF BIRTHING CARE KNOWLEDGE AND SKILLS AMONG STUDENTS IN SELECTED NURSING INSTITUTIONS OF GURUGRAM NCR
260 _aSGT UNIVERSITY
_bSGT UNIVERSITY
300 _a85
650 _aOBST & GYNE
942 _2ddc
_cTH
999 _c21442
_d21442